00301 a2200121 450000500170000002000180001710000260003524500480006125000110010926000370012094200070015799900150016420251208165336.0 a9781108415156 aBikramjit Basu 93899 aBiomaterials Science and Tissue Engineering a1st ed bCambridge University Pressc2002 cBK c5559d5554